Enchanted earth /

Saved in:
Bibliographic Details
Main Author: Baker, Amy J.
Format: Book
Language:English
Published: London : Long, [19--?]
LEADER 00708nam a2200205 a 4500
001 c000088758
003 CARM
005 00000000000000.0
008 930215n enk 00011 eng d
019 1 |a 9823277  |5 LACONCORD2021 
035 |a (OCoLC)221415797  |5 LACONCORD2021 
040 |a VLINC  |c VLINC 
100 1 |a Baker, Amy J. 
245 1 0 |a Enchanted earth /  |c by Amy J. Baker. 
260 |a London :  |b Long,  |c [19--?] 
300 |a 255, iv p. ;  |c 19 cm. 
852 8 |b CARM  |h A2:AO08A0  |i A01133  |p 0115537  |f BK 
082 0 4 |a 823.91  |2 20 
999 f f |i ec1998b8-c1cb-521f-a54e-694d7b9dc94b  |s 0156fc47-6bee-5aff-8042-adf44501cabc 
952 f f |p Can circulate  |a CAVAL  |b CAVAL  |c CAVAL  |d CARM 1 Store  |e A01133  |f A2:AO08A0  |h Other scheme  |i book  |m 0115537